| 000 | 00722nam a2200193Ii 4500 | ||
|---|---|---|---|
| 003 | JO-AjNU | ||
| 008 | 230605s9999||||xx |||||||||||||| ||und|| | ||
| 040 |
_aJO-AjNU _bara _erda _cJO-AjNU |
||
| 041 | _aara | ||
| 050 | 1 | 4 | _aPJ7577.S5228 2014 |
| 100 | 3 |
_aشطناوي، ديانا علي, _eauthor _950913 |
|
| 245 | 0 | 0 | _aتمثيلات العصر المملوكي في الرواية العربية |
| 264 | 3 | 1 | _aالشارقة: دائرة الثقافة والاعلام، 2014 |
| 300 | _a261ص | ||
| 336 |
_atext _btxt _2rdacontent |
||
| 337 |
_aunmediated _bn _2rdamedia |
||
| 338 |
_avolume _bnc _2rdacarrier |
||
| 650 | 4 |
_aالادب العربي - الرواية العربية - العصر المملوكي _950914 |
|
| 999 |
_aA22457 _c26025 _d26025 |
||